[Event "Anna Ushenina"]
[Site "SchemingMind.com"]
[Date "2012.12.05"]
[Round "-"]
[White "emvarela"]
[Black "PankracyRozumek"]
[Result "1-0"]
[WhiteCountry "ARG"]
[BlackCountry "POL"]
[WhiteElo "1759"]
[WhiteRD "49"]
[BlackElo "1896"]
[BlackRD "86"]
[GameID "322440"]

1. e4 Nf6 2. e5 Nd5 3. d4 d6 4. Nf3 dxe5 5. Nxe5 g6 6. Bc4 c6 7. O-O Bg7 8. Re1 O-O 9. Nc3 Be6 10. Bb3 Nd7
11. Nxd7 Qxd7 12. Ne4 Nc7 13. Bxe6 Nxe6 14. Be3 Rfd8 15. c3 b6 16. Ng3 Rac8 17. Qc2 c5 18. dxc5 Nxc5 19. Bxc5 Rxc5 20. Ne4 Rd5
21. f3 b5 22. Nf2 a5 23. Rad1 Rd2 24. Rxd2 Qxd2 25. Qxd2 Rxd2 26. Rb1 Kf8 27. Ne4
1-0

[Event "Anna Ushenina"]
[Site "SchemingMind.com"]
[Date "2012.12.04"]
[Round "-"]
[White "PankracyRozumek"]
[Black "emvarela"]
[Result "1-0"]
[WhiteCountry "POL"]
[BlackCountry "ARG"]
[WhiteElo "1896"]
[WhiteRD "86"]
[BlackElo "1759"]
[BlackRD "49"]
[GameID "322444"]

1. c4 Nf6 2. g3 c5 3. Bg2 Nc6 4. Nc3 d6 5. Nf3 g6 6. d4 cxd4 7. Nxd4 Nxd4 8. Qxd4 Bg7 9. O-O O-O 10. Qd3 Bf5
11. e4 Be6 12. Rb1 Nd7 13. b3 Nc5 14. Qc2 Rc8 15. Bb2 f5 16. Rfe1 fxe4 17. Nxe4 Bf5 18. Bxg7 Kxg7 19. Qb2+ Kg8 20. Rbd1 Nxe4
21. Bxe4 Bxe4 22. Rxe4 Qb6 23. Rxe7 Rf7 24. Rxf7 Kxf7 25. Qd4 Qxd4 26. Rxd4 Ke7 27. Kg2 Rc5 28. f4 b5 29. Rd5 bxc4 30. Rxc5 dxc5
31. bxc4 Kf6 32. Kf3 h5 33. Ke4 Ke6 34. h3 a6 35. a3
1-0

[Event "Anna Ushenina"]
[Site "SchemingMind.com"]
[Date "2012.12.16"]
[Round "-"]
[White "Majoanis"]
[Black "SAMAEL"]
[Result "1-0"]
[WhiteCountry "CAN"]
[BlackCountry "CAN"]
[WhiteElo "1912"]
[WhiteRD "60"]
[BlackElo "1713"]
[BlackRD "45"]
[GameID "322947"]

1. d4 d5 2. Bg5 h6 3. Bh4 Nd7 4. e3 Ngf6 5. Nd2 e6 6. c3 Be7 7. f4 Nh7 8. Bxe7 Qxe7 9. Ngf3 O-O 10. Bd3 c5
11. O-O c4 12. Bc2 b5 13. Ne5 Nxe5 14. fxe5 Rd8 15. Qh5 Rd7 16. e4 Qg5 17. Qxg5 Nxg5 18. h4 Nh7 19. Rae1 Re7 20. Rf2 Bb7
21. Ref1 Rf8 22. exd5 exd5 23. Nf3 f5 24. h5 Bc8 25. Nh4 Ref7 26. Ng6 Re8 27. Bxf5 Bxf5 28. Rxf5 Rxf5 29. Rxf5 Nf8 30. Rxf8+ Rxf8
31. Nxf8 Kxf8 32. Kf2 Kf7 33. g4 g6 34. hxg6+ Kxg6 35. Ke3 Kg5 36. Kd2 h5 37. gxh5 Kxh5 38. a4 a6 39. axb5 axb5 40. Kc2 Kg5
41. b3 Kf5 42. bxc4 bxc4 43. Kb2
1-0

[Event "Anna Ushenina"]
[Site "SchemingMind.com"]
[Date "2012.12.16"]
[Round "-"]
[White "SAMAEL"]
[Black "Majoanis"]
[Result "1/2-1/2"]
[WhiteCountry "CAN"]
[BlackCountry "CAN"]
[WhiteElo "1713"]
[WhiteRD "45"]
[BlackElo "1912"]
[BlackRD "60"]
[GameID "322950"]

1. e4 c6 2. d4 d5 3. e5 Bf5 4. Nf3 e6 5. Be2 Nd7 6. Be3 c5 7. c3 cxd4 8. cxd4 Bb4+ 9. Nc3 Rc8 10. Rc1 Ne7
11. a3 Bxc3+ 12. bxc3 O-O 13. O-O Nb6 14. Re1 Nc4 15. h3 Nxe3 16. fxe3 Be4 17. Nd2 Bg6 18. Bh5 Qa5 19. Bxg6 Nxg6 20. Qb3 Qa6
21. a4 Rc7 22. Rc2 Rfc8 23. Rec1 Qd3 24. Nf1 Qc4 25. Nd2 Qd3 26. Nf1 Qc4=
1/2-1/2

[Event "Anna Ushenina"]
[Site "SchemingMind.com"]
[Date "2012.12.14"]
[Round "-"]
[White "mochiron"]
[Black "Ezedoke"]
[Result "0-1"]
[WhiteCountry "JPN"]
[BlackCountry "ARG"]
[WhiteElo "1388"]
[WhiteRD "85"]
[BlackElo "2305"]
[BlackRD "63"]
[GameID "323040"]

1. d4 d5 2. f4 Bf5 3. e3 c5 4. Nf3 Nc6 5. Be2 Nf6 6. O-O e6 7. Ne5 h6 8. Nc3 cxd4 9. Nxc6 bxc6 10. exd4 Bd6
11. h3 O-O 12. Be3 Qc7 13. g4 Bh7 14. g5 hxg5 15. fxg5 Ne4 16. Nxe4 Bxe4 17. Bf3 Bh2+ 18. Kf2 f5 19. Bxe4 Qg3+ 20. Ke2 dxe4
21. Kd2 f4 22. Qe2 fxe3+ 23. Qxe3 Qg2+ 24. Kc3 c5 25. Rxf8+ Rxf8 26. Re1 Rf3
0-1

[Event "Anna Ushenina"]
[Site "SchemingMind.com"]
[Date "2012.12.14"]
[Round "-"]
[White "Ezedoke"]
[Black "mochiron"]
[Result "1-0"]
[WhiteCountry "ARG"]
[BlackCountry "JPN"]
[WhiteElo "2305"]
[WhiteRD "63"]
[BlackElo "1388"]
[BlackRD "85"]
[GameID "323043"]

1. e4 c5 2. Nf3 Nc6 3. d4 cxd4 4. Nxd4 e5 5. Nb5 a6 6. Nd6+ Bxd6 7. Qxd6 Nge7 8. Nc3 O-O 9. Be2 Nd4 10. Bd3 a5
11. O-O Ra6 12. Bxa6 bxa6 13. Qxe5 Nb5 14. Nxb5 axb5 15. Qxb5 Nc6 16. Bd2 Qh4 17. Rfe1 Nd8 18. Bxa5 Ne6 19. Rad1 d6 20. Rxd6 Qf4
21. Bb4 Nc7 22. Qa5 Ne6 23. Rxe6 Bxe6 24. Bxf8 f6 25. Qd8 h5 26. Bd6+ Kh7 27. Bxf4
1-0

[Event "Anna Ushenina"]
[Site "SchemingMind.com"]
[Date "2012.12.18"]
[Round "-"]
[White "mtnewk"]
[Black "miriskra"]
[Result "0-1"]
[WhiteCountry "USA"]
[BlackCountry "WLS"]
[WhiteElo "1623"]
[WhiteRD "75"]
[BlackElo "1853"]
[BlackRD "61"]
[GameID "323437"]

1. d4 Nf6 2. c4 e6 3. Nf3 Bb4+ 4. Bd2 Qe7 5. a3 Bxd2+ 6. Nbxd2 d6 7. e3 O-O 8. Bd3 Nbd7 9. O-O e5 10. Qc2 Re8
11. Rfe1 c6 12. e4 exd4 13. Nxd4 Ne5 14. f3 Nxd3 15. Qxd3 g6 16. b4 Nh5 17. Qe3 Qe5 18. Rab1 d5 19. cxd5 cxd5 20. Kf2 Qxh2
21. Rh1 Qg3+ 22. Kf1 Qe5 23. Kf2 dxe4 24. fxe4 Bd7 25. N4f3 Qg3+ 26. Kf1 Bb5+ 27. Kg1 Nf4 28. Re1 Qxg2#
0-1

[Event "Anna Ushenina"]
[Site "SchemingMind.com"]
[Date "2012.12.20"]
[Round "-"]
[White "miriskra"]
[Black "mtnewk"]
[Result "1-0"]
[WhiteCountry "WLS"]
[BlackCountry "USA"]
[WhiteElo "1853"]
[WhiteRD "61"]
[BlackElo "1623"]
[BlackRD "75"]
[GameID "323442"]

1. d4 Nf6 2. c4 e5 3. dxe5 Ng4 4. Nf3 Bc5 5. e3 Nc6 6. Be2 Ngxe5 7. O-O O-O 8. Nbd2 d6 9. Nxe5 Nxe5 10. b3 a6
11. Bb2 Re8 12. Nf3 Nxf3+ 13. Bxf3 Be6 14. Bxb7 Ra7 15. Bd5 Bxd5 16. Qxd5 Qd7 17. Qg5 f6 18. Bxf6 Qf7 19. Bc3 Raa8 20. Rad1 Rad8
21. Qd5 Qxd5 22. Rxd5 Rf8 23. Rfd1 Bb6 24. Kf1 Rd7 25. c5 Bxc5 26. Rxc5
1-0

[Event "Anna Ushenina"]
[Site "SchemingMind.com"]
[Date "2012.12.21"]
[Round "-"]
[White "Buckaroo Bob"]
[Black "Iucounu"]
[Result "1-0"]
[WhiteCountry "USA"]
[BlackCountry "ENG"]
[WhiteElo "2266"]
[WhiteRD "71"]
[BlackElo "1400"]
[BlackRD "52"]
[GameID "323601"]

1. Nf3 Nf6 2. c4 e6 3. Nc3 d5 4. d4 Be7 5. Bf4 O-O 6. Qc2 dxc4 7. e4 Nc6 8. Rd1 h6 9. Bxc4 Bb4 10. O-O Bxc3
11. bxc3 Re8 12. h3 a6 13. Rb1 b5 14. Bd3 Bb7 15. a4 Ne7 16. axb5 Ng6 17. Bg3 Qd7 18. b6 cxb6 19. Rxb6 Bc8 20. Rfb1 a5
21. Bb5
1-0

[Event "Anna Ushenina"]
[Site "SchemingMind.com"]
[Date "2012.12.22"]
[Round "-"]
[White "Iucounu"]
[Black "Buckaroo Bob"]
[Result "0-1"]
[WhiteCountry "ENG"]
[BlackCountry "USA"]
[WhiteElo "1385"]
[WhiteRD "52"]
[BlackElo "2272"]
[BlackRD "73"]
[GameID "323604"]

1. e4 c5 2. Nf3 d6 3. d4 cxd4 4. Nxd4 Nf6 5. Nc3 a6 6. Bc4 e6 7. Bb3 b5 8. Be3 Bb7 9. f4 Nbd7 10. Qd2 Nxe4
11. Nxe4 Bxe4 12. O-O Nc5 13. c3 Nxb3 14. axb3 Be7 15. b4 O-O 16. Rfe1 Qc7 17. Bf2 Qb7 18. Qe3 Bxg2 19. Qg3 Bd5 20. Nc2 Be4
21. Nd4 Kh8 22. Re3 g5 23. fxg5 Bxg5 24. Re2 Rg8 25. Kf1 Bd2 26. Qh4 Bg2+ 27. Kg1 Bf1+ 28. Bg3 Be3+ 29. Rxe3 Qg2#
0-1

[Event "Anna Ushenina"]
[Site "SchemingMind.com"]
[Date "2012.12.21"]
[Round "-"]
[White "simpet"]
[Black "JimM"]
[Result "1-0"]
[WhiteCountry "ENG"]
[BlackCountry "USA"]
[WhiteElo "1613"]
[WhiteRD "54"]
[BlackElo "1487"]
[BlackRD "104"]
[GameID "323650"]

1. e4 c5 2. Bc4 e6 3. Nf3 Nc6 4. O-O Nf6 5. d3 d5 6. Bb5 Bd7 7. Bg5 a6 8. Bxc6 Bxc6 9. Nbd2 h6 10. Bf4 dxe4
11. Nxe4 Nxe4 12. dxe4 Bxe4 13. c3 Be7 14. Ne5 Bd5 15. Qh5 O-O 16. Rad1 Qc8 17. c4 Bc6 18. b3 b5 19. f3 bxc4 20. Nxc4 Qb7
21. Bd6 Rad8 22. Bxe7 Qxe7 23. Ne5 Bb5 24. Rfe1 Qg5 25. Qxg5 hxg5 26. a4 Rxd1 27. Rxd1 Be8 28. Rd6 f6 29. Nc4 Bf7 30. Rxa6 Rb8
31. Rb6 Rxb6 32. Nxb6 e5 33. Nc4 Bxc4 34. bxc4 Kf7 35. a5 Ke7 36. a6 Kd7 37. a7
1-0

[Event "Anna Ushenina"]
[Site "SchemingMind.com"]
[Date "2012.12.21"]
[Round "-"]
[White "JimM"]
[Black "simpet"]
[Result "0-1"]
[WhiteCountry "USA"]
[BlackCountry "ENG"]
[WhiteElo "1487"]
[WhiteRD "104"]
[BlackElo "1613"]
[BlackRD "54"]
[GameID "323655"]

1. d4 d5 2. c4 c6 3. Nc3 Nf6 4. Nf3 e6 5. e3 Bb4 6. Bd2 O-O 7. Bd3 dxc4 8. Bxc4 b5 9. Bd3 Bb7 10. Ne4 Bxd2+
11. Qxd2 a5 12. Qc2 Na6 13. Nxf6+ Qxf6 14. Bxh7+ Kh8 15. Be4 Nb4 16. Qc5 Nd5 17. O-O Qh6 18. Ne5 Nxe3 19. fxe3 Qxe3+ 20. Kh1 Qxe4
21. Rxf7 Rxf7 22. Nxf7+ Kg8 23. Ne5 Rf8 24. Nd7 Rf2 25. Rg1 Qd5 26. Qxd5 cxd5 27. Nc5 Bc8 28. h4 Rxb2 29. a4 bxa4 30. Nxa4 Rb4
31. Nc5 Rxd4 32. g4 e5 33. Nb3 Rxg4 34. Nxa5 Rxh4+ 35. Kg2 Rg4+ 36. Kf2 Rxg1 37. Kxg1 e4 38. Nb3 g5 39. Kf2 Kg7
0-1

[Event "Anna Ushenina"]
[Site "SchemingMind.com"]
[Date "2012.12.22"]
[Round "-"]
[White "Brian Acebo"]
[Black "Clive Everill"]
[Result "1/2-1/2"]
[WhiteCountry "USA"]
[BlackCountry "CZE"]
[WhiteElo "1654"]
[WhiteRD "95"]
[BlackElo "1703"]
[BlackRD "55"]
[GameID "323703"]

1. e4 e6 2. d4 d5 3. Nc3 Bb4 4. Ne2 Nc6 5. a3 Ba5 6. e5 f6 7. b4 Bb6 8. Bf4 f5 9. g3 Nge7 10. Bg2 O-O
11. O-O a6 12. Be3 Ng6 13. Na4 Ba7 14. Qc1 b6 15. c3 Bd7 16. Nb2 Nce7 17. Nf4 Nh8 18. c4 c6 19. c5 b5 20. Nfd3 Nf7
21. a4 Ng6 22. axb5 axb5 23. Ra3 Qc7 24. Qd2 Ne7 25. f3 h6 26. g4 fxg4 27. fxg4 Nh8 28. Rxf8+ Rxf8 29. Nf4 Nf7 30. Nh5 Be8
31. h3 Nh8 32. Nxg7 Kxg7 33. Bxh6+ Kg8 34. Bxf8 Kxf8 35. Qh6+ Kg8 36. Qxe6+ Bf7 37. Qf6 Neg6 38. Nd3 Bb8 39. Nf4 Nxf4 40. Qxf4 Qb7
41. Bf1 Bc7 42. Qg5+ Bg6 43. Rf3 Qa8 44. Bd3 Qe8 45. h4 Bd8 46. Qh6 Bxd3 47. Rxd3 Qg6 48. Qxg6+ Nxg6 49. h5 Nf4 50. Rf3 Ne2+
51. Kf2 Nxd4 52. Rc3 Bg5 53. Rd3 Nc2 54. Rb3 Kf7 55. Rb2 Ne3 56. Re2 Nxg4+ 57. Kg3 Nh6 58. Rf2+ Ke7 59. Ra2 Ke6 60. Ra6 Kd7
61. Ra7+ Ke6 62. Ra6 Kd7 63. e6+ Kxe6 64. Rxc6+ Ke5 65. Rg6 Bf4+ 66. Kf3 Kf5 67. c6 Nf7 68. Rg7 Ne5+ 69. Ke2 Nxc6 70. Kd3 Nxb4+
71. Ke2 Nc6 72. Kd3 d4 73. Rg6 Ne5+ 74. Kxd4 Nxg6 75. hxg6 Kxg6 76. Kc5 Bd6+=
1/2-1/2

[Event "Anna Ushenina"]
[Site "SchemingMind.com"]
[Date "2012.12.23"]
[Round "-"]
[White "Clive Everill"]
[Black "Brian Acebo"]
[Result "1/2-1/2"]
[WhiteCountry "CZE"]
[BlackCountry "USA"]
[WhiteElo "1738"]
[WhiteRD "55"]
[BlackElo "1619"]
[BlackRD "99"]
[GameID "323708"]

1. e4 c5 2. Nf3 d6 3. d4 cxd4 4. Qxd4 a6 5. h3 Nc6 6. Qe3 g6 7. c3 Bg7 8. Nbd2 Nf6 9. Bc4 O-O 10. O-O e6
11. b3 b5 12. Bd3 Bb7 13. Ba3 Re8 14. Rac1 Qa5 15. Bxd6 Red8 16. Bc5 Nd7 17. b4 Qxa2 18. Rc2 Qa3 19. Bd4 Nxd4 20. Nxd4 Bxd4
21. Qxd4 Rac8 22. Rfc1 Rc7 23. Nb1 Qb3 24. Nd2 Qa4 25. Nf3 a5 26. bxa5 Qxa5 27. c4 bxc4 28. Bxc4 Rcc8 29. Qe3 Qh5 30. Nd4 Nb6
31. Be2 Qe5 32. Rxc8 Nxc8 33. Nc6 Bxc6 34. Rxc6 Ne7= 35. Rc5 Qf6 36. Qc1 Qg7 37. Rc7 Qf8 38. Qc5 Nc8 39. Qc2 Nd6 40. g4 Rc8
41. e5 Rxc7 42. Qxc7 Ne8 43. Qc8 Ng7 44. Qc3=
1/2-1/2

[Event "Anna Ushenina"]
[Site "SchemingMind.com"]
[Date "2012.12.23"]
[Round "-"]
[White "e_castle3"]
[Black "jxpepe"]
[Result "0-1"]
[WhiteCountry "PHI"]
[BlackCountry "USA"]
[WhiteElo "1734"]
[WhiteRD "63"]
[BlackElo "1791"]
[BlackRD "129"]
[GameID "323746"]

1. e4 c5 2. Nf3 d6 3. Bc4 Nf6 4. d3 Nc6 5. a3 g6 6. O-O Bg7 7. c3 O-O 8. h3 e6 9. Bg5 h6 10. Be3 d5
11. exd5 exd5 12. Ba2 Qd6 13. Qc1 Bf5 14. Rd1 g5 15. b4 b6 16. Bb3 d4 17. Bd2 Nd7 18. Ra2 Rac8 19. Ne1 Rfe8 20. f4 dxc3
21. Nxc3 Nd4 22. Ba4 cxb4 23. axb4 b5 24. Bc2 Rxc3
0-1

[Event "Anna Ushenina"]
[Site "SchemingMind.com"]
[Date "2012.12.23"]
[Round "-"]
[White "Teagy"]
[Black "thefriediceman"]
[Result "0-1"]
[WhiteCountry "ENG"]
[BlackCountry "USA"]
[WhiteElo "1754"]
[WhiteRD "77"]
[BlackElo "1933"]
[BlackRD "89"]
[GameID "323748"]

1. e4 e5 2. f4 exf4 3. Nf3 g5 4. h4 g4 5. Ne5 Nf6 6. Bc4 d5 7. exd5 Bd6 8. d4 Nh5 9. O-O O-O 10. Nxg4 Qxh4
11. Nh2 Ng3 12. Re1 Bf5 13. Nd2 Nd7 14. Ndf3 Qh5 15. Be2 Rae8 16. Ne5 Nxe2+ 17. Qxe2 Qxe2 18. Rxe2 Nxe5 19. dxe5 Rxe5 20. Rxe5 Bxe5
21. Nf3 Bd6 22. c3 Be4 23. c4 Bxf3 24. gxf3 Be5 25. Rb1 Kg7 26. b4 Kf6 27. Kf2 Rg8 28. Bb2 Bxb2 29. Rxb2 Re8 30. Re2 Rxe2+
31. Kxe2 h5
0-1

[Event "Anna Ushenina"]
[Site "SchemingMind.com"]
[Date "2012.12.23"]
[Round "-"]
[White "jxpepe"]
[Black "e_castle3"]
[Result "1-0"]
[WhiteCountry "USA"]
[BlackCountry "PHI"]
[WhiteElo "1791"]
[WhiteRD "129"]
[BlackElo "1734"]
[BlackRD "63"]
[GameID "323754"]

1. e4 c6 2. d4 d5 3. e5 Bf5 4. Nc3 e6 5. g4 Bg6 6. Nge2 Bb4 7. h4 h6 8. h5 Be4 9. Rh3 Ne7 10. a3 Bxc3+
11. Nxc3 Bh7 12. Be3 Qb6 13. Na4 Qa5+ 14. Qd2 Qxa4 15. b3 Qa6 16. Bxa6 Nxa6 17. O-O-O Nc7 18. g5 hxg5 19. Bxg5 Nc8 20. h6 gxh6
21. Rxh6 Nb6 22. Qb4
1-0

[Event "Anna Ushenina"]
[Site "SchemingMind.com"]
[Date "2012.12.24"]
[Round "-"]
[White "thefriediceman"]
[Black "Teagy"]
[Result "1/2-1/2"]
[WhiteCountry "USA"]
[BlackCountry "ENG"]
[WhiteElo "1933"]
[WhiteRD "89"]
[BlackElo "1754"]
[BlackRD "77"]
[GameID "323756"]

1. e4 Nf6 2. e5 Nd5 3. d4 Nb6 4. Nf3 d6 5. a4 a5 6. Nc3 g6 7. exd6 cxd6 8. Bb5+ Bd7 9. O-O Bg7 10. Re1 O-O
11. Bg5 Re8 12. Qd2 Nc6 13. Bh6 Bh8 14. Be2 e5 15. dxe5 dxe5 16. Ne4 Qc7 17. Qd6 Qxd6 18. Nxd6 Re6 19. Nxb7 Nb4 20. Rec1 Rc6
21. c3 N4d5 22. Bb5 Rc7 23. Bxd7 Rxd7 24. Nc5 Rc7 25. Ne4 f5 26. Ned2 Nc4 27. Nxc4 Rxc4 28. Bd2 Rb8 29. Ra2 Bf6 30. g3 f4
31. Ne1 g5 32. Kf1 Kf7=
1/2-1/2

[Event "Anna Ushenina"]
[Site "SchemingMind.com"]
[Date "2012.12.24"]
[Round "-"]
[White "Kenny Elliott"]
[Black "Darnell"]
[Result "0-1"]
[WhiteCountry "USA"]
[BlackCountry "CAN"]
[WhiteElo "1419"]
[WhiteRD "117"]
[BlackElo "1482"]
[BlackRD "108"]
[GameID "323784"]

1. d4 d5 2. c4 c6 3. Nf3 Nf6 4. Nc3 dxc4 5. Bg5 Nd5 6. Ne4 Bf5 7. Nc5 Bg4 8. e3 f6 9. Bh4 e5 10. dxe5 Bxc5
11. exf6 Bb4+ 12. Ke2 gxf6 13. Qd4 Qd7 14. Bxf6 Nxf6 15. Qxd7+ Nbxd7 16. h3 Bh5 17. Rc1 Ne5 18. g4 Nfxg4 19. Nxe5 Nxe5+ 20. f3 Bxf3+
21. Kf2 Bxh1
0-1

[Event "Anna Ushenina"]
[Site "SchemingMind.com"]
[Date "2012.12.27"]
[Round "-"]
[White "Darnell"]
[Black "Kenny Elliott"]
[Result "0-1"]
[WhiteCountry "CAN"]
[BlackCountry "USA"]
[WhiteElo "1380"]
[WhiteRD "96"]
[BlackElo "1509"]
[BlackRD "115"]
[GameID "323790"]

1. e4 c5 2. Nf3 d6 3. c3 Nc6 4. Bb5 Bd7 5. d4 a6 6. Bxc6 Bxc6 7. d5 Bb5 8. b3 g6 9. Bb2 Bg7 10. Qd2 Nf6
11. c4 Nxe4 12. Qc2 Bxb2 13. Qxb2 Nf6 14. cxb5 axb5 15. O-O O-O 16. Rd1 Qc7 17. Nc3 Qb6 18. Qe2 Rfc8 19. Qxe7 Kg7 20. Ne4 Nxe4
21. Ng5 Nxg5 22. Qxg5 Re8 23. Rd2 Re5 24. Qf4 Rae8 25. f3 c4+ 26. Kf1 cxb3 27. axb3 b4 28. Qd4 Qb5+ 29. Qc4 Qb6
0-1

[Event "Anna Ushenina"]
[Site "SchemingMind.com"]
[Date "2013.01.01"]
[Round "-"]
[White "Archon"]
[Black "kenneth m day"]
[Result "1-0"]
[WhiteCountry "CAN"]
[BlackCountry "USA"]
[WhiteElo "1654"]
[WhiteRD "55"]
[BlackElo "1770"]
[BlackRD "51"]
[GameID "323918"]

1. d4 Nf6 2. c4 e6 3. Nf3 d5 4. Bg5 Be7 5. Nc3 O-O 6. e3 Nbd7 7. Bd3 dxc4 8. Bxc4 b6 9. O-O Bb7 10. Be2 Rc8
11. Rc1 c5 12. dxc5 Nxc5 13. Qxd8 Rfxd8 14. Rfd1 h6 15. Bh4 Bc6 16. h3 g5 17. Bg3 Nfe4 18. Nxe4 Nxe4 19. Bh2 f6 20. Rxd8+ Bxd8
21. Bb5 Bb7 22. Rxc8 Bxc8 23. Bb8 a6 24. Bc6 Nc5 25. Nd4 e5 26. Nc2 Bf5 27. Na3 b5 28. Bd5+ Kg7 29. Ba7 Nd3 30. b3 Nc1
31. b4 Nd3 32. Bc5 a5 33. Nxb5 axb4 34. Ba7 Bd7 35. Bc4 Nc1 36. Bc5 Ba5 37. Nd6 Ba4 38. Nb7 b3 39. axb3 Bxb3 40. Nxa5 Bxc4
41. Nxc4 h5 42. Ba3 Nd3 43. Kf1 e4 44. Ke2 Kg6 45. f3 f5 46. fxe4 fxe4 47. Nd6 Ne5 48. Nxe4 Nc4 49. Bc5 Ne5 50. Nd6 Kf6
51. e4 g4 52. hxg4 Nxg4 53. Bd4+ Ke6 54. Nf5 Kd7 55. Ng7 h4 56. Bf2 Nxf2 57. Kxf2 Kd6 58. Nf5+ Ke5 59. Kf3
1-0

[Event "Anna Ushenina"]
[Site "SchemingMind.com"]
[Date "2013.01.01"]
[Round "-"]
[White "kenneth m day"]
[Black "Archon"]
[Result "1-0"]
[WhiteCountry "USA"]
[BlackCountry "CAN"]
[WhiteElo "1765"]
[WhiteRD "52"]
[BlackElo "1600"]
[BlackRD "60"]
[GameID "323920"]

1. e4 d6 2. Nf3 Nf6 3. d4 Bg4 4. Nc3 g6 5. Be2 Bg7 6. Be3 O-O 7. h3 Bxf3 8. Bxf3 Nc6 9. Qd2 Re8 10. O-O e5
11. dxe5 Nxe5 12. Be2 Nc6 13. f3 a6 14. Bg5 Qd7 15. Bc4 Nh5 16. g4 Nf6 17. h4 Ne5 18. Bb3 b5 19. Bh6 Bh8 20. Qg5 Rf8
21. Kg2 Ne8 22. h5 Ng7 23. Nd5 Ne6 24. Ne7+ Qxe7 25. Qxe7 Rae8 26. Qh4 Bg7 27. Be3 c5 28. Rh1 c4 29. hxg6 fxg6 30. Qxh7+ Kf7
31. Qh4 cxb3 32. axb3 Nc7 33. f4 Rh8 34. Qg3 Nd7 35. Qf3 Rhf8 36. Rh7 Kg8 37. Rah1 Ne5 38. Qh3 Nf7 39. Rxg7+ Kxg7 40. Bd4+ Kg8
41. Qh7#
1-0

[Event "Anna Ushenina"]
[Site "SchemingMind.com"]
[Date "2012.12.31"]
[Round "-"]
[White "clare1347"]
[Black "John Galvin"]
[Result "1/2-1/2"]
[WhiteCountry "ENG"]
[BlackCountry "USA"]
[WhiteElo "2078"]
[WhiteRD "104"]
[BlackElo "2347"]
[BlackRD "71"]
[GameID "323952"]

1. d4 Nf6 2. Nf3 g6 3. c4 Bg7 4. Nc3 d5 5. cxd5 Nxd5 6. Qb3 Nxc3 7. bxc3 c5 8. e3 O-O 9. Bd3 b6 10. O-O Nc6
11. Ba3 Bb7 12. Qc2 Rc8 13. Qe2 Qc7 14. Rac1 Rfd8 15. Rfd1 Na5 16. Rb1 e5 17. Bb5 exd4 18. cxd4 f5 19. dxc5 bxc5 20. Rbc1 c4
21. Rxd8+ Rxd8 22. Bb4 Bd5 23. Bxa5 Qxa5 24. Bxc4 Bf6 25. Bxd5+ Qxd5 26. h4 Kg7 27. Qc4 Qxc4 28. Rxc4 Rd1+ 29. Kh2 Bd8 30. Kg3 Rd7
31. Nd4 Kf6 32. Rc6+ Ke5 33. Ne6 Bb6 34. Nf4 Rd6 35. Rxd6 Kxd6 36. Kf3 Ke5 37. Ke2 Ba5 38. Kd3 Be1 39. Ke2 Ba5 40. f3 Kf6
41. Kd3 h5 42. Ke2 Kf7 43. g3 Bc3 44. Kf2 Be5 45. Ke2 Bc3 46. a4 Bb4 47. Kd3 Be1 48. Ne2 Kf6=
1/2-1/2

[Event "Anna Ushenina"]
[Site "SchemingMind.com"]
[Date "2012.12.31"]
[Round "-"]
[White "John Galvin"]
[Black "clare1347"]
[Result "1/2-1/2"]
[WhiteCountry "USA"]
[BlackCountry "ENG"]
[WhiteElo "2342"]
[WhiteRD "72"]
[BlackElo "2071"]
[BlackRD "105"]
[GameID "323955"]

1. e4 e5 2. Nf3 Nc6 3. Bb5 a6 4. Ba4 Nf6 5. O-O Be7 6. Bxc6 dxc6 7. Qe2 Qd6 8. d3 Bg4 9. h3 Bh5 10. Nbd2 O-O
11. Nc4 Qe6 12. Re1 Bb4 13. Bd2 Bxd2 14. Ncxd2 Nd7 15. a4 Qe7 16. Qe3 Rfe8 17. a5 c5 18. g4 Bg6 19. Kg2 Nf8 20. Nb3 b6
21. Ra3 Qd7 22. Rea1 f6 23. axb6 cxb6 24. Rxa6 Rxa6 25. Rxa6 Qb5 26. Ra7 Ne6 27. Kg3 Nf4 28. Nh4 Bf7 29. Nf5 Rd8 30. Nc1 Qxb2
31. Ne2 Ne6 32. Qc1=
1/2-1/2

[Event "Anna Ushenina"]
[Site "SchemingMind.com"]
[Date "2012.12.29"]
[Round "-"]
[White "ray winteringham"]
[Black "Phillip Beckett"]
[Result "0-1"]
[WhiteCountry "ENG"]
[BlackCountry "ENG"]
[WhiteElo "1474"]
[WhiteRD "51"]
[BlackElo "1628"]
[BlackRD "47"]
[GameID "324007"]

1. e4 e5 2. Nf3 Nc6 3. b3 Nf6 4. d3 Be7 5. Bb2 d6 6. Nc3 h6 7. Qd2 Bg4 8. Be2 Nh7 9. O-O-O Bxf3 10. Bxf3 Bg5
0-1

[Event "Anna Ushenina"]
[Site "SchemingMind.com"]
[Date "2013.01.01"]
[Round "-"]
[White "XMJA83"]
[Black "Louis Lima"]
[Result "1/2-1/2"]
[WhiteCountry "ECU"]
[BlackCountry "ESP"]
[WhiteElo "1811"]
[WhiteRD "115"]
[BlackElo "1958"]
[BlackRD "88"]
[GameID "324009"]

1. e4 e6 2. d4 d5 3. Nd2 Nf6 4. e5 Nfd7 5. Bd3 c5 6. c3 Nc6 7. Ne2 cxd4 8. cxd4 f6 9. exf6 Nxf6 10. O-O Bd6
11. Nf3 Qc7 12. Bg5 O-O 13. Rc1 Bd7 14. Re1 Rae8 15. Bb1 Qb8 16. Nc3 Bf4 17. Bxf4 Qxf4 18. h3 Re7 19. Ne2 Qd6 20. Ng3 Be8
21. Qd2 Nh5 22. Nxh5 Bxh5 23. Ne5 Nxe5 24. Rxe5 Be8 25. g3 Ref7 26. f4 Rf6 27. h4 Bg6 28. Bxg6 Rxg6 29. Kh2 Rgf6 30. Qa5 a6
31. Qc5 Qd7 32. Qc2 Qb5=
1/2-1/2

[Event "Anna Ushenina"]
[Site "SchemingMind.com"]
[Date "2012.12.29"]
[Round "-"]
[White "Phillip Beckett"]
[Black "ray winteringham"]
[Result "1-0"]
[WhiteCountry "ENG"]
[BlackCountry "ENG"]
[WhiteElo "1628"]
[WhiteRD "47"]
[BlackElo "1474"]
[BlackRD "51"]
[GameID "324010"]

1. e4 e5 2. Nf3 Nc6 3. Bb5 a6 4. Bxc6 bxc6 5. d4 d6 6. dxe5 Bg4 7. exd6 Bxd6 8. h3 Bh5 9. g4 Bg6 10. e5 Bc5
11. Qxd8+ Rxd8 12. c3 Be4 13. Bg5 Rd1+ 14. Kxd1 Bxf3+ 15. Kc2 Bxh1 16. Nd2 Bd5 17. Nb3 Bxf2 18. Rd1 Bxb3+ 19. axb3 h6 20. Rd8#
1-0

[Event "Anna Ushenina"]
[Site "SchemingMind.com"]
[Date "2012.12.30"]
[Round "-"]
[White "Louis Lima"]
[Black "XMJA83"]
[Result "1/2-1/2"]
[WhiteCountry "ESP"]
[BlackCountry "ECU"]
[WhiteElo "1958"]
[WhiteRD "88"]
[BlackElo "1811"]
[BlackRD "115"]
[GameID "324012"]

1. e4 e5 2. Nf3 Nc6 3. Bb5 f5 4. Nc3 fxe4 5. Nxe4 d5 6. Nxe5 dxe4 7. Nxc6 Qg5 8. Qe2 Nf6 9. f4 Qxf4 10. Ne5+ c6
11. d4 Qh4+ 12. g3 Qh3 13. Bc4 Be6 14. Bg5 Bd6 15. O-O-O O-O-O 16. Nf7 Bxf7 17. Bxf7 Rhf8 18. Bc4 Rde8 19. Rhf1 h6 20. Bxf6 Rxf6
21. Rxf6 gxf6 22. Rf1 f5 23. Bf7 Rf8 24. Be6+ Kb8 25. Rf2 Rf6 26. d5 h5 27. Kd1 cxd5 28. Bxd5 a6 29. Qf1 Qg4+ 30. Qe2 Qg5
31. Qc4 h4 32. Qb3 Qg4+ 33. Kc1 Qg5+ 34. Kd1=
1/2-1/2

[Event "Anna Ushenina"]
[Site "SchemingMind.com"]
[Date "2013.01.10"]
[Round "-"]
[White "simpet"]
[Black "Phillip Beckett"]
[Result "1/2-1/2"]
[WhiteCountry "ENG"]
[BlackCountry "ENG"]
[WhiteElo "1613"]
[WhiteRD "54"]
[BlackElo "1591"]
[BlackRD "47"]
[GameID "324901"]

1. e4 e5 2. Bc4 Nf6 3. d3 Nc6 4. Nf3 Be7 5. O-O d6 6. Nc3 h6 7. Be3 O-O 8. a3 Nh7 9. Qd2 Ng5 10. Nxg5 Bxg5
11. f4 exf4 12. Bxf4 Bxf4 13. Rxf4 Qg5 14. Nd5 Qd8 15. Raf1 Ne7 16. Qf2 Nxd5 17. Bxd5 Be6 18. Bxe6 fxe6 19. Qg3 Rxf4 20. Rxf4 Qe7
21. Qg6 e5 22. Rf5 Rf8 23. Rh5 Qf7 24. Qxf7+ Rxf7 25. Rf5 g6 26. Rxf7 Kxf7 27. h4 Kf6 28. Kh2 g5 29. Kh3 h5 30. g4 hxg4+
31. Kxg4 gxh4 32. Kxh4 Kg6 33. Kg4 Kf6 34. c3 Kg6 35. d4 Kf6 36. d5 Kg6= 37. b4 b5 38. Kh4 Kh6 39. Kg4 Kg6=
1/2-1/2